Pasión por el ADN : genes, genomas y sociedad /

שמור ב:
מידע ביבליוגרפי
מחבר ראשי: Watson, James Dewey (autor)
מחברים אחרים: Gratzer, Walter (introducción) (introducción), Ros, Joandomènec (traducción) (traducción)
פורמט: ספר
שפה:ספרדית
יצא לאור: Barcelona, España : Crítica, 2002, c2002
סדרה:(Drakontos)
נושאים:
תגים: הוספת תג
אין תגיות, היה/י הראשונ/ה לתייג את הרשומה!

MARC

LEADER 00000nam^a2200000^a^4500
001 000163453
005 20250521000000.0
009 20260310100908.314
020 |a 84-8432-307-2 
037 |a Acervo ITESO - Biblioteca 
041 |a ESP 
082 |a 574. 873282  |b WAT 
100 |a Watson, James Dewey  |e (autor) 
245 1 0 |a Pasión por el ADN :  |b genes, genomas y sociedad /  |c J.D. Watson ; introd., epílogo y notas de W. Gratzer ; tr. por J. Ros. 
264 4 |a Barcelona, España :  |b Crítica,  |c 2002, c2002 
300 |a 304 p. 
336 |a texto  |b txt  |2 rdacontenido 
337 |a sin mediación  |b n  |2 rdamedio 
338 |a volumen  |b nc  |2 rdasoporte 
440 1 |a (Drakontos) 
500 |a Traducción de: A Passion for DNA. Genes, Genomes, and Society 
649 |a XX 
650 |a Biólogos Norteamericanos -  |x Memorias 
650 |a Científicos Norteamericanos -  |x Memorias 
650 |a Cáncer -  |x Investigación 
650 |a Enfermedades -  |x Investigación 
650 |a Oncología 
650 |a Investigación Médica 
650 |a Genoma Humano 
650 |a Clonación 
650 |a ADN 
650 |a Herencia (Biología) 
650 |a Genética 
650 |a Bioquímica -  |x Aspectos Sociales y Culturales 
650 |a Bioquímica -  |x Aspectos Eticos 
650 |a Ingeniería Genética -  |x Aspectos Sociales y Culturales 
650 |a Ingeniería Genética -  |x Aspectos Eticos 
650 |a Bioética 
650 |a Ciencias Médicas 
650 |a Biología 
650 |a Ciencia -  |x Difusión 
650 |a Ciencia -  |x Historia -  |y Siglo XX 
700 |a Gratzer, Walter  |e (introducción) 
700 |a Ros, Joandomènec  |e (traducción) 
910 |a Fondo General 
920 |a Impresos - Libros 
930 |a Colección General 
905 |a 101 
901 |a 0500096564  |b IT1  |c ACC  |u 20250521 
902 |a https://opac.biblio.iteso.mx/vufind/Record/000163453